| 000 | 00673nam a2200217Ia 4500 | ||
|---|---|---|---|
| 001 | 845 | ||
| 003 | GE_BSU | ||
| 008 | 181216s||||||||xx |||||||||||||| ||und|| | ||
| 040 | _cGE_BSU | ||
| 080 | _a821.161.1(072) | ||
| 100 | _aБраже, Т. Г. | ||
| 245 | _aПроблемы изучения русской литертуры в 9 классе вечерней школы. | ||
| 245 | _bКнига для учителя | ||
| 260 | _aМосква | ||
| 260 | _bПросвещение | ||
| 260 | _c1986 | ||
| 300 | _a176с. | ||
| 541 | _h6л. | ||
| 653 | _aПроблемы изучения русской литературы в 9 классе | ||
| 942 | _cBK | ||
| 999 |
_c35007 _d35007 |
||